000 03044nam a22003377a 4500
999 _c58481
_d58481
003 Ge_BSU
005 20250124115632.0
008 220405s2022 ge ||||| |||| 00| 0 geo d
020 _a9789941978449
041 _ageo
080 _a37 ნ-19
100 _aნათბრაუნი, ქესი
_913633
245 _aადრეული განათლება :
_bისტორია, ფილოსოფია და გამოცდილება /
_cქესი ნათბრაუნი, პიტერ ქლოფი; ქართულ ენაზე თარგმნა მაია ბოლქვაძემ; რედაქტორი ნინო ჯიჯავაძე; მთავარი რედაქტორი ლელა თავდგირიძე, ნატო შეროზია; ბათუმის შოთა რუსთაველის სახელმწიფო უნივერსიტეტი.
250 _aმეორე გამოცემა
264 _aთბილისი :
_aბათუმი :
_bსტამბა კოლორი,
_c2022.
300 _a320 გვ.
_b21 სმ.
500 _aწიგნის საწყისი გვერდი ინგლისურ ენაზე.
501 _aსაძიებელი გვ. 313-320
504 _aბიბლიოგრ. გვ.289-311
511 _aნაშრომის ქართულ ენაზე თარგმნის და ქართულენოვანი გამოცემის საავტორო უფლება: ბათუმის შოთა რუსთაველის სახელმწიფო უნივერსიტეტი.
653 _aგანათლება ადრეულ ასაკში
700 _aქლოფი, პიტერ
_eავტორი
_913634
700 _aბოლქვაძე, მაია
_eმთარგმნელი
_913635
700 _aჯიჯავაძე, ნინო
_eრედაქტორი
_913636
700 _aთავდგირიძე, ლელა
_eმთავარი რედაქტორი
_91294
700 _aშეროზია, ნატო
_eმთავარი რედაქტორი
_99358
710 _aბათუმის შოთა რუსთაველის სახელმწიფო უნივერსიტეტი
_913637
711 _a წიგნის თარგმნა განხორციელდა აჭარის ა.რ. განათლების, კულტურისა და სპორტის სამინისტროს "უმაღლესი განათლების ხელშეწყობის" პროგრამის ფარგლებში.
_924116
856 _uhttps://drive.google.com/file/d/1IJhNWQKiWj1KntaMJ3o5SciR-_L9EFIK/view
_yელ. ვერსია. pdf
942 _2udc
_cBK